Name the Nicholas Galitzine Movie by Co-Star - Statistics

General Stats
  • This quiz has been taken 31 times
  • The average score is 6 of 8
Answer Stats
Co-Star Movie % Correct
Camilla Cabello Cinderella
97%
Anne Hathaway The Idea of You
93%
Taylor Zakhar Perez Red, White, and Royal Blue
90%
Sofia Carson Purple Hearts
83%
Rachel Sennott Bottoms
66%
Julianne Moore Mary and George
66%
Fionn O'Shea Handsome Devil
52%
Keenan Kampa High Strung
41%
No matching quizzes found
Score Distribution
Percent of People with Each Score
Percentile by Number Answered
Your Score History
You have not taken this quiz